| 000 | 00822nam a2200193 i 4500 | ||
|---|---|---|---|
| 001 | bg | ||
| 245 | 0 | 0 |
_aKonstrukcje budowlane - konstrukcje betonowe : _bzestaw polskich norm / _c[wybór norm do zestawu przygot. przez Wydawnictwa Normalizacyjne ALFA-WERO]. |
| 260 |
_aWarszawa : _bWydawnictwa Normalizacyjne ALFA-WERO, _c[2004]. |
||
| 300 |
_apag. varia ; _c30 cm. |
||
| 650 | 9 |
_aKonstrukcje budowlane _xnormalizacja _zPolska _ystan na 2004 r. |
|
| 650 | 9 |
_aKonstrukcje betonowe _xnormalizacja _zPolska _ystan na 2004 r. |
|
| 710 | 0 | _aWydawnictwa Normalizacyjne |ALFA-WERO | |
| 040 | _cBPK | ||
| 041 | 0 |
_apol _heng |
|
| 080 | _a624.012.4(438)(083.74) | ||
| 942 | _cKA | ||
| 008 | s pl f |000 0 pol | ||
| 999 |
_c35090 _d35090 |
||
| 856 |
_uhttp://koha.tu.koszalin.pl/cgi-bin/koha/opac-detail.pl?biblionumber=35090 _yKatalog online BPK |
||